| 000 | 01150cab a22002535a 4500 | ||
|---|---|---|---|
| 001 | L148463 | ||
| 008 | 090922e2009 xxk g 000 0 eng d | ||
| 035 | _a(Sirsi) u148463 | ||
| 041 | 0 | _aeng | |
| 100 | 1 | _aPotts, Andy | |
| 245 | 0 | 0 | _aEasing onto a defined legal space |
| 260 | _c2009 | ||
| 490 |
_aEstates Gazette _v(0935) 5 September 2009, 100-102(3) |
||
| 520 | _aThe right to park vehicles regarded as a legal easement is examined. Refers to recent cases on parking law including Montcrieff v Jameson [2007] UHKL 42 (L141352); Virdi v Chana [2008] EWHC 2901 (Ch); Waterman v Boyle [2009] EWHC Civ 115 (L1468840); Holms v Ashford Estates Ltd [2009] CSIH 28. Discusses the Law Commission's consultation document "Easements, covenants, profits a prendre" 2008 (L143017) which analyses Moncrieff and summaries the provisional recommendations. | ||
| 590 | _aKA | ||
| 650 | 2 | 4 | _aBATCHELOR V MARLOW |
| 650 | 2 | 4 | _aMONCRIEFF AND ANOTHER V JAMIESON AND OTHERS |
| 650 | 2 | 4 | _aVIRDI V CHANA |
| 650 | 2 | 4 | _aWATERMAN V BOYLE |
| 650 | 2 | 4 | _aHOLMS V ASHFORD ESTATES LTD |
| 651 | 4 |
_aEngland _y886- |
|
| 690 |
_aBoundary disputes _96221 |
||
| 942 | _n0 | ||
| 999 |
_c81852 _d81852 |
||